00633nam a22001937a 4500003000500000005001700005008004100022010001000063011001000073035001000083040000900093082001800102111007600120245002900196260006600225300001000291650003200301710010600333CHAP20220329134850.0971013s1985 r 10010 d a27153 a28125 a32227 cCHAP a632bC6r 198500aCongreso Nacional de Fitopatología (n12d: 1985c: Guanajuato, Gto.) aResúmenes de ponencias aMéxico, D.F. :bSociedad Mexicana de Fitopatología,c1985 a57 p.14aFitopatologíaxCongresos.0 aAmerican Phytopathological Society. Caribbean Division. Annual Meeting (25 : 1985 : Guanajuato, Gto.)